The everyday of print in post-Independence INDIA (Record no. 533187)
[ view plain ]
| 000 -LEADER | |
|---|---|
| fixed length control field | 00726nam a22001457a 4500 |
| 008 - FIXED-LENGTH DATA ELEMENTS--GENERAL INFORMATION | |
| fixed length control field | 260428b ||||| |||| 00| 0 eng d |
| 100 ## - MAIN ENTRY--PERSONAL NAME | |
| Personal name | Nasrin, Sulthana |
| 245 ## - TITLE STATEMENT | |
| Title | The everyday of print in post-Independence INDIA |
| 260 ## - PUBLICATION, DISTRIBUTION, ETC. (IMPRINT) | |
| Place of publication, distribution, etc | Economic & Political Weekly |
| 300 ## - PHYSICAL DESCRIPTION | |
| Extent | 61(12), Mar 21, 2026: p.29-31 |
| 520 ## - SUMMARY, ETC. | |
| Summary, etc | Everyday Reading: Middlebrow Magazines and Book Publishing in Post-Independence India by Aakriti Mandhwani, Amherst and Boston: University of Massachusetts Press, 2024; pp 296, ₹2,950 (paperback).-Reproduced https://www.epw.in/journal/2026/12/book-reviews/everyday-print-post-independence-india.html |
| 773 ## - HOST ITEM ENTRY | |
| Main entry heading | Economic & Political Weekly |
| 906 ## - LOCAL DATA ELEMENT F, LDF (RLIN) | |
| Subject DIP | BOOK REVIEW |
| 942 ## - ADDED ENTRY ELEMENTS (KOHA) | |
| Item type | Articles |
| Withdrawn status | Lost status | Source of classification or shelving scheme | Damaged status | Not for loan | Permanent location | Current location | Date acquired | Serial Enumeration / chronology | Barcode | Date last seen | Koha item type |
|---|---|---|---|---|---|---|---|---|---|---|---|
| Indian Institute of Public Administration | Indian Institute of Public Administration | 2026-04-28 | 61(12), Mar 21, 2026: p.29-31 | AR138699 | 2026-04-28 | Articles |
